00953nam a22002057a 4500003000400000005001700004008004100021020003500062020002900097020002900126040001700155245020700172260003100379300006800410505014700478650003800625700003300663700002000696700003100716OSt20210921182427.0210921b ||||| |||| 00| 0 eng d a9788409284344q(obra completa) a9788409284351q(volum 1) a9788409284368q(volum 2) aCDMRbcatcc aHistòria de la publicitat de Catalunya / cdirectora editorial de l'obra: Carolina Serra ; director científic del volum 1: Lluís Costa ; director científic del volum 2: José Ángel Abancéns aBarcelonabSàpiensc2021 a2 volums (319, 315 pàgines) : il·lustracions en colorc31 cm aConté: V.1: L'art de fer anuncis: dels inicis a la dictadura franquista -- V.2: El consum de masses: el camí de la televisió a internet  0aPublicitatxHistòriazCatalunya1 aCosta i Fernández, Lluís aSerra, Carolina aAbancéns, José Ángel